书目信息 |
| 题名: |
油菜杂种优势利用的生物学基础
|
|
| 作者: | 涂金星 编著 | |
| 分册: | ||
| 出版信息: | 北京 科学出版社 2018 |
|
| 页数: | x, 291页 | |
| 开本: | 26cm | |
| 丛书名: | ||
| 单 册: | ||
| 中图分类: | S634.303.6 | |
| 科图分类: | ||
| 主题词: | 油菜--You Cai--杂种优势--生物学--研究 | |
| 电子资源: | ||
| ISBN: | 978-7-03-058545-5 | |
| 000 | 01464nam0 2200265 450 | |
| 001 | 012001000099 | |
| 005 | 20131105095318.0 | |
| 010 | @a978-7-03-058545-5@b精装@dCNY268.00 | |
| 099 | @aCAL 012018200512 | |
| 100 | @a20180925d2018 em y0chiy50 ea | |
| 101 | 0 | @achi |
| 102 | @aCN@b110000 | |
| 105 | @aak a 000yy | |
| 106 | @ar | |
| 200 | 1 | @a油菜杂种优势利用的生物学基础@AYou Cai Za Zhong You Shi Li Yong De Sheng Wu Xue Ji Chu@d= Biological basis of heterosis utilization in brassica napus@f涂金星等编著@zeng |
| 210 | @a北京@c科学出版社@d2018 | |
| 215 | @ax, 291页@c图 (部分彩图)@d26cm | |
| 320 | @a有书目 | |
| 330 | @a本书针对傅廷栋院士主编的《杂交油菜的育种与利用》一书涉及的一些生物学基础问题,总结了近20年来的研究进展,系统阐述了该领域的相关问题。在基础部分,介绍了芸薹属物种染色体组成和基因组信息、遗传标记和SNP芯片开发与利用,以及植物花器发育;在油菜杂种优势利用的授粉系统部分,介绍了油菜细胞核雄性不育、细胞质雄性不育的生物学基础,油菜自交不亲和性的遗传和分子机制,以及油菜化学杀雄的生物学机制;在杂种优势形成基础和利用方面,对杂种优势遗传基础、表观修饰和基因的差异表达进行了多个层次的论述,介绍了利用近缘种多样性拓展甘蓝型油菜遗传差异的具体方法及材料的利用。 | |
| 510 | 1 | @aBiological basis of heterosis utilization in brassica napus@zeng |
| 606 | 0 | @a油菜@AYou Cai@x杂种优势@x生物学@x研究 |
| 690 | @aS634.303.6@v5 | |
| 701 | 0 | @a涂金星@ATu Jin Xing@4编著 |
| 801 | 0 | @aCN@b北京卓展文化@c20191020 |
| 905 | @b1195355-6@dS634.303.6@e495@f2 | |
| 油菜杂种优势利用的生物学基础= Biological basis of heterosis utilization in brassica napus/涂金星等编著.-北京:科学出版社,2018 |
| x, 291页:图 (部分彩图);26cm |
| ISBN 978-7-03-058545-5(精装):CNY268.00 |
| 本书针对傅廷栋院士主编的《杂交油菜的育种与利用》一书涉及的一些生物学基础问题,总结了近20年来的研究进展,系统阐述了该领域的相关问题。在基础部分,介绍了芸薹属物种染色体组成和基因组信息、遗传标记和SNP芯片开发与利用,以及植物花器发育;在油菜杂种优势利用的授粉系统部分,介绍了油菜细胞核雄性不育、细胞质雄性不育的生物学基础,油菜自交不亲和性的遗传和分子机制,以及油菜化学杀雄的生物学机制;在杂种优势形成基础和利用方面,对杂种优势遗传基础、表观修饰和基因的差异表达进行了多个层次的论述,介绍了利用近缘种多样性拓展甘蓝型油菜遗传差异的具体方法及材料的利用。 |
| ● |
| 相关链接 |
|
|
|
|
正题名:油菜杂种优势利用的生物学基础
索取号:S634.303.6/495
 
预约/预借
| 序号 | 登录号 | 条形码 | 馆藏地/架位号 | 状态 | 备注 |
| 1 | 1195355 | 211953554 | 第二样本阅览室/ [索取号:S634.303.6/495] | 在馆 | |
| 2 | 1195356 | 211953563 | 第三借阅区/ [索取号:S634.303.6/495] | 在馆 |